书目信息 |
| 题名: |
兽医药理学
|
|
| 作者: | 李继昌 , 哈斯苏荣 主编 | |
| 分册: | ||
| 出版信息: | 北京 中国林业出版社 2021.08 |
|
| 页数: | 299页 | |
| 开本: | 27cm | |
| 丛书名: | ||
| 单 册: | ||
| 中图分类: | S859.7 | |
| 科图分类: | ||
| 主题词: | 兽医学--shou yi xue--药理学--高等教育--教材 | |
| 电子资源: | ||
| ISBN: | 978-7-5219-1241-8 | |
| 000 | 01143nam0 2200301 450 | |
| 001 | CAL 010784281 | |
| 005 | 20230303111632.38 | |
| 010 | @a978-7-5219-1241-8@dCNY49.00 | |
| 100 | @a20211221d2021 em y0chiy0120 ea | |
| 101 | 0 | @achi |
| 102 | @aCN@b110000 | |
| 105 | @aa a 000yy | |
| 106 | @ar | |
| 200 | 1 | @a兽医药理学@Ashou yi yao li xue@f李继昌, 哈斯苏荣主编 |
| 205 | @a第2版 | |
| 210 | @a北京@c中国林业出版社@d2021.08 | |
| 215 | @a299页@c图@d27cm | |
| 312 | @a英文题名取自封面 | |
| 320 | @a有书目 (第287页) | |
| 330 | @a全书共分15章, 从动物各系统发病的临床用药角度构建内容体系, 将药理学基本知识和用药实践紧密结合, 使之更加体现“桥梁课”的特点。每章起始处有概述和导语, 每章正文后设有本章小结、思考题等内容, 并在附录中增加了知识点速记歌诀, 更便于读者对药理学知识的记忆和理解。 | |
| 333 | @a国家林业和草原局普通高等教育“十三五”规划教材 | |
| 510 | 1 | @aVeterinary pharmacology@zeng |
| 606 | 0 | @a兽医学@Ashou yi xue@x药理学@x高等教育@j教材 |
| 690 | @aS859.7@v5 | |
| 701 | 0 | @a李继昌@Ali ji chang@4主编 |
| 701 | 0 | @a哈斯苏荣@Aha si su rong@4主编 |
| 801 | 0 | @aCN@bBJXHZP@c20230228 |
| 905 | @b1385523-4@dS859.7@e225=2@f2 | |
| 兽医药理学/李继昌, 哈斯苏荣主编.-第2版.-北京:中国林业出版社,2021.08 |
| 299页:图;27cm |
| 使用对象:国家林业和草原局普通高等教育“十三五”规划教材 |
| ISBN 978-7-5219-1241-8:CNY49.00 |
| 全书共分15章, 从动物各系统发病的临床用药角度构建内容体系, 将药理学基本知识和用药实践紧密结合, 使之更加体现“桥梁课”的特点。每章起始处有概述和导语, 每章正文后设有本章小结、思考题等内容, 并在附录中增加了知识点速记歌诀, 更便于读者对药理学知识的记忆和理解。 |
| ● |
| 相关链接 |
|
|
|
|
正题名:兽医药理学
索取号:S859.7/225=2
 
预约/预借
| 序号 | 登录号 | 条形码 | 馆藏地/架位号 | 状态 | 备注 |
| 1 | 1385523 | 213855238 | 第二样本阅览室/ [索取号:S859.7/225=2] | 在馆 | |
| 2 | 1385524 | 213855247 | 第三借阅区/ [索取号:S859.7/225=2] | 在馆 |